| 000 | 00695nam a2200229Ia 4500 | ||
|---|---|---|---|
| 003 | OSt | ||
| 005 | 20221006164656.0 | ||
| 006 | a|||||r|||| 00| 0 | ||
| 007 | ta | ||
| 008 | 221006b |||||||| |||| 00| 0 hin d | ||
| 024 | _a6,522 | ||
| 037 | _cTextual | ||
| 040 |
_aFML _cFML _bhin |
||
| 041 |
_2hin _ahin |
||
| 082 | _aNR445(delta25), P7 | ||
| 100 |
_aSahai Shanti Au. _9678075 |
||
| 245 | 0 |
_aGeeto Ke Jharne _b Bhakti Geet Evam Vividh Parva Tyohar Geet Evam Vividh Mangalik Sanskar Geet |
|
| 260 |
_aLucknow _bSulabh Prakashan India _c2007 |
||
| 300 |
_a327 _ccm. |
||
| 942 |
_hNR445(delta25), P7 _cTEXL _2CC |
||
| 999 |
_c1118070 _d1118070 |
||